| 000 | 01889nam a2200265Ia 4500 | ||
|---|---|---|---|
| 999 |
_c55913 _d55913 |
||
| 001 | 23011 | ||
| 003 | GE_BSU | ||
| 005 | 20230615101811.0 | ||
| 008 | 181216s ||||ge |||||||||||||| ||geo|| | ||
| 040 | _cGE_BSU | ||
| 041 | _ageo | ||
| 082 | _a821.353.1'01(082) ძ-49 | ||
| 245 |
_aძველი ქართული ლიტერატურის ქრესტომათია. ტ.1 / _cშედგენილი სოლ. ყუბანეიშვილის მიერ ; რედ. ა. კეკელიძე ; ყდა, ფორზაცი და ტიტული რენე შმერლინგისა ; თავსართი და ბოლოსართები ტ. შევიაკოვასი ; წინასიტყვ. ავტ. ა. კეკელიძე. |
||
| 264 |
_aთბილისი : _bსტალინის სახ. თბილისის სახელმწ. უნ-ტის გამ-ბა, _c1946. |
||
| 300 |
_a488 გვ. ; _c28 სმ. |
||
| 500 | _aდანართი : ლექსიკონი : გვ. 416-475 | ||
| 500 | _a საკუთარ სახელთა საძიებელი :გვ. 476-487 | ||
| 504 | _aბიბლიოგრაფია : ლიტ-რა წინასიტყვაობაში, ტექსტში და შენიშვნებში | ||
| 541 | _h20 ლ. | ||
| 653 | _aძველი ქართული ლიტერატურის ქრესტომათია. ტ.1 | ||
| 653 | _aძველი ქართული ლიტერატურის ქრესტომათიები | ||
| 700 |
_aყუბანეიშვილი, სოლ. _eშემდგენელი _94992 |
||
| 700 |
_aკეკელიძე, ა. _eრედაქტორი _918726 |
||
| 942 |
_cBK _2udc |
||